000 00593nam a22001577a 4500
008 170321b xxu||||| |||| 00| 0 eng d
022 _a01153544
082 _aDPer 338.05 En86 Apr-Jul 2015 v. 15, n. 158-161
100 _919387
_aAntiporda, Toni
245 _aFear not:
_bsure, there are risks to franchising: here's how to manage them/
_cToni Antiporda.
260 _aPhilippines:
_bSummit Media,
_cApr-Jul 2015.
300 _av15 n159, pages 70-72:
_billustrations,
_c28 cm.
500 _aEntrepreneur.
650 0 _919388
_aFranchises (retail trade)
_xDifficulties
942 _2ddc
_cPER
999 _c6419
_d6419